00429nam a2200157Ia 450000500170000000800410001704000190005804100120007708200160008910000160010524500520012126000410017330000100021465000370022485000100026120230704084511.0131103s9999 xx 000 0 und d aLoreto College aEnglish a944.04bGER aGershoy,Leo 4aThe French Revolution and NapoleoncLeo Gershoy aAllahabadbCentral Book Depotcc1973 a374p  aHistory-Europe-French revolution aLCLIB